Valuation of owner-occupied property (Record no. 70259)

MARC details
000 -LEADER
fixed length control field 00900cam a2200217 4500
001 - CONTROL NUMBER
control field WB3818-28
008 - FIXED-LENGTH DATA ELEMENTS--GENERAL INFORMATION
fixed length control field 020515n2002 000 0 eng u
035 ## - SYSTEM CONTROL NUMBER
System control number (Sirsi) u117971
245 ## - TITLE STATEMENT
Title Valuation of owner-occupied property
260 ## - PUBLICATION, DISTRIBUTION, ETC.
Date of publication, distribution, etc. 2002
490 ## - SERIES STATEMENT
Series statement RICS Feature
Volume/sequential designation 8 May 2002, (1)
520 ## - SUMMARY, ETC.
Summary, etc. RICS valuation group launches a bid to improve industry standards governing the existing use value of owner-occupied properties. This follows European moves to replace the existing use value system with market value. For the RICS featurehttp://www.rics.org/ricscms/bin/show?class=Feature&template=/includes/showfeature.html&id=187
590 ## - LOCAL NOTE (RLIN)
Local note WB
650 ## - SUBJECT ADDED ENTRY--TOPICAL TERM
Topical term or geographic name entry element PROPERTY VALUATION FORUM
650 ## - SUBJECT ADDED ENTRY--TOPICAL TERM
Topical term or geographic name entry element RICS VALUATION GROUP
650 ## - SUBJECT ADDED ENTRY--TOPICAL TERM
Topical term or geographic name entry element EXISTING USE VALUE
650 ## - SUBJECT ADDED ENTRY--TOPICAL TERM
Topical term or geographic name entry element EUV
650 ## - SUBJECT ADDED ENTRY--TOPICAL TERM
Topical term or geographic name entry element OWNER-OCCUPIED PROPERTIES
690 ## - LOCAL SUBJECT ADDED ENTRY--TOPICAL TERM (OCLC, RLIN)
Topical term or geographic name as entry element PROPERTY-PROPERTY APPRAISAL AND VALUATION
942 ## - ADDED ENTRY ELEMENTS (KOHA)
Suppress in OPAC 0
Holdings
Withdrawn status Lost status Source of classification or shelving scheme Damaged status Not for loan Home library Current library Shelving location Date acquired Total Checkouts Full call number Barcode Date last seen Copy number Price effective from Koha item type
    Dewey Decimal Classification     London London News article 15/05/2002   WB3818-28 117971-1001 06/08/2019 1 06/08/2019 News article